000 00790nam a22001337a 4500
040 _cRUA
082 _aAGR KIM 2021 B1-586 Or.
100 _aKIM LONGENG, គីម ឡុងអេង
245 _aCHARACTERIZATION OF ETHYL METHANESULFONATE(EMS) INDUCED MUTATION POPULATION OF MUNG BEAN(Vigna rediata),ការកំណត់លក្ខណៈប្រជាករបរវត្តរូបដំណាំសណ្តែកបាយ(Vigna radiation)​ដែលបង្កើតតាមរយៈសារធាតុជម្រុញអេទីលមេតានស៊ុលហ្វូណាត
260 _aphnom penh
_brua
_c2021
300 _aviii,23p.
_bill.
_c29cm.
856 _uhttps://drive.google.com/file/d/1_itCb2PGMSNxpsgmDsadwrn_PBso2qyh/view?usp=sharing
942 _cAGR
999 _c22779
_d22779